000
00215 a2200097 4500
001
30128
100
_a
Loney, S L
245
_a
The statics & Dynamics
260
_a
London
_b
Cambridge Univ
_c
090
_c
20078
_d
20078
942
_a
NUST-CAE
_c
M
_c
11201
999
_c
265201
_d
265201